|
|
|
|
| LEADER |
00000nam a22000007a 4500 |
| 005 |
20130118131643.0 |
| 007 |
cr|||| |||| |
| 008 |
130118e2009 cr |||||s|||| 00|| spa d |
| 020 |
|
|
|a 978-9968-41-160-8
|
| 035 |
|
|
|a 6884
|
| 040 |
|
|
|a vLex
|
| 090 |
|
|
|c 3549
|d 3549
|
| 100 |
1 |
0 |
|a Scala, Jorge
|
| 245 |
1 |
0 |
|a Derechos Humanos
|b 9 casos controversiales en Amřica Latina
|h [Recurso electrn̤ico]
|
| 256 |
|
|
|a Servicio en ln̕ea
|
| 260 |
|
|
|a San Jos ̌(Costa Rica) :
|b Ediciones Promesa Cultural,
|c 2009
|
| 300 |
|
|
|a 1 Recurso electrn̤ico
|
| 650 |
0 |
4 |
|a Derechos humanos
|z Amřica
|
| 740 |
|
|
|a vLex Libros (Servicio en ln̕ea)
|
| 856 |
|
|
|a Acceso restringido
|u http://www.vlex.com/source/6884
|
| 942 |
|
|
|c BOOK
|
| 999 |
|
0 |
|a Human rights
|